Designing the sustainable school /

Gespeichert in:
Bibliographische Detailangaben
1. Verfasser: Ford, Alan (VerfasserIn)
Format: Buch
Sprache:Englisch
Veröffentlicht: Mulgrave : Images Publishing, 2007
Ausgabe:[1st ed.]
Schlagworte:
ISBN:9781864702378
Online-Zugang: Volltext
Tags: Tag hinzufügen
Keine Tags, Fügen Sie den ersten Tag hinzu!

MARC

LEADER 00000nam a2200000 4500
003 SK-BrCVT
005 20220617225106.0
008 071109s2007 at e ||||||eng d
020 |a 9781864702378 
035 |a CVTIDW1424876 
040 |b slo  |a CVTI SR  |e AACR2 
041 0 |a eng 
044 |a at 
080 |a 727.1  |2 UDC-MRF 
100 1 |a Ford, Alan  |4 aut 
242 1 0 |a Navrhovanie trvalo udržateľnej školy  |y slo 
245 1 0 |a Designing the sustainable school /  |c Alan Ford 
250 |a [1st ed.] 
260 |a Mulgrave :  |b Images Publishing,  |c 2007 
300 |a 256 s. :  |b fotogr., lit., obr. ; 
653 1 |a architektúra budov  |a akadémia  |a vzdelávacie centrum  |a základná škola  |a stredná škola 
655 7 |a obrazové publikácie  |2 SNKPH 
910 |a BA002  |b A603411 
919 |a 978-186470-237-8 
974 |f Knihy 
992 |a AOP 
999 |c 159465  |d 159465